000
00313nam a2200133Ia 4500
005
20260326235453.0
008
260326s9999||||xx |||||||||||||| ||und||
100
_a
Melot, Michel
245
0
_a
Chateaux of the Loire /
_c
Michel Melot
260
_b
Evergreen
300
_a
207 p.
650
_a
CASTILLOS
942
_c
BK
999
_c
7853
_d
7853